L’extinction de l’expérience (notice n° 1584591)

détails MARC
000 -LEADER
fixed length control field 01398cam a2200325 4500500
005 - DATE AND TIME OF LATEST TRANSACTION
control field 20251228052822.0
041 ## - LANGUAGE CODE
Language code of text/sound track or separate title fre
042 ## - AUTHENTICATION CODE
Authentication code dc
100 10 - MAIN ENTRY--PERSONAL NAME
Personal name Pyle, Robert Michael
Relator term author
245 00 - TITLE STATEMENT
Title L’extinction de l’expérience
260 ## - PUBLICATION, DISTRIBUTION, ETC.
Date of publication, distribution, etc. 2016.<br/>
500 ## - GENERAL NOTE
General note 91
520 ## - SUMMARY, ETC.
Summary, etc. Le développement urbain se traduit par une érosion de la diversité biologique au niveau local. Cette disparition locale d’espèces menace alors notre expérience de la nature, accentuant notre séparation d’avec les choses naturelles et, partant, la crise écologique.
520 ## - SUMMARY, ETC.
Summary, etc. The urban growth results in an erosion of the biological diversity at the local level. This local extinction of species thus threatens our experience of nature, increasing our estrangement from things natural and therefore the ecological crisis.
690 ## - LOCAL SUBJECT ADDED ENTRY--TOPICAL TERM (OCLC, RLIN)
Topical term or geographic name as entry element biophilie
690 ## - LOCAL SUBJECT ADDED ENTRY--TOPICAL TERM (OCLC, RLIN)
Topical term or geographic name as entry element diversité biologique
690 ## - LOCAL SUBJECT ADDED ENTRY--TOPICAL TERM (OCLC, RLIN)
Topical term or geographic name as entry element expérience
690 ## - LOCAL SUBJECT ADDED ENTRY--TOPICAL TERM (OCLC, RLIN)
Topical term or geographic name as entry element Extinction
690 ## - LOCAL SUBJECT ADDED ENTRY--TOPICAL TERM (OCLC, RLIN)
Topical term or geographic name as entry element habitat
690 ## - LOCAL SUBJECT ADDED ENTRY--TOPICAL TERM (OCLC, RLIN)
Topical term or geographic name as entry element nature
690 ## - LOCAL SUBJECT ADDED ENTRY--TOPICAL TERM (OCLC, RLIN)
Topical term or geographic name as entry element biological diversity
690 ## - LOCAL SUBJECT ADDED ENTRY--TOPICAL TERM (OCLC, RLIN)
Topical term or geographic name as entry element biophilia
690 ## - LOCAL SUBJECT ADDED ENTRY--TOPICAL TERM (OCLC, RLIN)
Topical term or geographic name as entry element experience
690 ## - LOCAL SUBJECT ADDED ENTRY--TOPICAL TERM (OCLC, RLIN)
Topical term or geographic name as entry element Extinction
690 ## - LOCAL SUBJECT ADDED ENTRY--TOPICAL TERM (OCLC, RLIN)
Topical term or geographic name as entry element habitat
690 ## - LOCAL SUBJECT ADDED ENTRY--TOPICAL TERM (OCLC, RLIN)
Topical term or geographic name as entry element nature
700 10 - ADDED ENTRY--PERSONAL NAME
Personal name Lefèvre, Mathias
Relator term author
786 0# - DATA SOURCE ENTRY
Note Écologie & Politique | 53 | 2 | 2016-12-01 | p. 185-196 | 1166-3030
856 41 - ELECTRONIC LOCATION AND ACCESS
Uniform Resource Identifier <a href="https://shs.cairn.info/revue-ecologie-et-politique-2016-2-page-185?lang=fr&redirect-ssocas=7080">https://shs.cairn.info/revue-ecologie-et-politique-2016-2-page-185?lang=fr&redirect-ssocas=7080</a>

Pas d'exemplaire disponible.

PLUDOC

PLUDOC est la plateforme unique et centralisée de gestion des bibliothèques physiques et numériques de Guinée administré par le CEDUST. Elle est la plus grande base de données de ressources documentaires pour les Étudiants, Enseignants chercheurs et Chercheurs de Guinée.

Adresse

627 919 101/664 919 101

25 boulevard du commerce
Kaloum, Conakry, Guinée

Réseaux sociaux

Powered by Netsen Group @ 2025